<?xml version="1.0" encoding="UTF-8"?>
<marc:record xmlns:marc="http://www.loc.gov/MARC21/slim">
   <marc:leader>00000nam a2200000 a 4500</marc:leader>
   <marc:datafield ind1="1" ind2=" " tag="100">
      <marc:subfield code="a">Disney, Walt</marc:subfield>
      <marc:subfield code="4">aut</marc:subfield>
      <marc:subfield code="e">Verfasser/-in</marc:subfield>
   </marc:datafield>
   <marc:datafield ind1=" " ind2=" " tag="653">
      <marc:subfield code="a">Kinder-Comics</marc:subfield>
   </marc:datafield>
   <marc:datafield ind1=" " ind2=" " tag="653">
      <marc:subfield code="a">Zeitreise</marc:subfield>
   </marc:datafield>
   <marc:datafield ind1="0" ind2="0" tag="245">
      <marc:subfield code="a">Sprung durch die Zeit</marc:subfield>
   </marc:datafield>
   <marc:datafield ind1="0" ind2="0" tag="245">
      <marc:subfield code="b">Lustiges Taschenbuch Spezial</marc:subfield>
   </marc:datafield>
   <marc:datafield ind1=" " ind2="1" tag="264">
      <marc:subfield code="b">Egmont Ehapa Verl. </marc:subfield>
      <marc:subfield code="c">2023</marc:subfield>
   </marc:datafield>
   <marc:datafield ind1="1" ind2=" " tag="490">
      <marc:subfield code="a">Lustiges Taschenbuch Spezial</marc:subfield>
   </marc:datafield>
   <marc:datafield ind1="1" ind2=" " tag="520">
      <marc:subfield code="a">Donald ist ja eh ein recht sprunghafter Charakter. Dass ihn so ein Sprung aber gleich durch die Zeit katapultiert? Tja, wenn einem ein zeitloses Genie wie Düsentrieb per tückischem Sessel-Apparillo auf die Zeitsprünge hilft … Die Zeitmaschinen-Professoren Marlin und Zapotek sind da meist offensichtlicher unterwegs. Denn will man Mysterien von Sauriern über Pharaonen bis Troja auf die Spur kommen, sind gelegentliche Zeitreisen nun mal unverzichtbar.
</marc:subfield>
   </marc:datafield>
   <marc:datafield ind1="3" ind2=" " tag="024">
      <marc:subfield code="a">4193378111006</marc:subfield>
   </marc:datafield>
</marc:record>
